Italian City to Region #2 - Statistics

General Stats
  • This quiz has been taken 84 times
  • The average score is 14 of 20
Answer Stats
City Region % Correct
Milan Lombardy
97%
Catania Sicily
86%
Pisa Tuscany
86%
Reggio Calabria Calabria
85%
Sassari Sardinia
82%
Latina Lazio
77%
Verona Veneto
77%
Bologna Emilia- Romagna
73%
L' Aquila Abruzzo
70%
Bari Apulia
70%
Caserta Campania
66%
Pesaro Marche
65%
Terni Umbria
61%
Potenza Basilicata
58%
Udine Friuli- Venezia Giulia
58%
Trento Trentino Alto- Adige
58%
Imperia Liguria
56%
Courmayeur Aosta Valley
53%
Isernia Molise
52%
Asti Piedmont
52%
No matching quizzes found
Score Distribution
Percent of People with Each Score
Percentile by Number Answered
Your Score History
You have not taken this quiz